000 01670cam a22003854i 4500
003 PE-LiUPU
005 20250731183443.0
008 150706s r 000 0 d
035 _a(Sirsi) a53142
040 _aPE-LiUPU
_bspa
_cPE-LiUPU
_erda
049 _aPRUA
082 0 4 _a720.942
_bL84
_221
100 1 _aFoster, Lord,
_eautor.
245 1 0 _aObras seleccionadas Foster+Partners /
_cLoed Doarwe, Mouzhan Majidi, Spencer de Grey y David Nelson.
264 1 _a[Londres] :
_bFoster + Partners,
_c[19--].
300 _a191 páginas :
_bilustraciones a color ;
_c30 cm.
336 _atext
_2rdacontent
337 _aunmediated
_2rdamedia
338 _avolume
_2rdacarrier
500 _aTitulo tomado de la cubierta.
505 0 _aInfraestructura y transporte -- Espacios de oficinas selectos -- Palacios de congresos y espacios culturales selectos -- Espacios Civicos selectos -- Espacios residenciales selectos -- Sostenibilidad -- La sostenibilidad en la práctica.
526 _aP158
526 _aP146
526 _aP17
526 _aP12
526 _aP06
650 0 4 _aArquitectura
_xDiseño Arquitectónico.
910 _agl
_clch
_d20131104
942 _2ddc
_cBOOK
949 _a720.942 L84
_wDEWEY
_c1
_i68439
_lCCODEBUL1
_mBUL
_p25.00
_r0
_sY
_tLIBRO
_u2015-07-06
_xINGENIERIA
_PP06
_o.STAFF. Colección General
994 _aC0
_bPEPRU
596 _a1
999 _a720.942 L84
_wDEWEY
_c55825
_i68439
_d55825
_e2015-8-28
_f2021-11-9
_g7
_lCCODEBUL1
_mBUL
_n2
_p25.00
_q2
_r0
_sY
_tBOOK
_u2015-7-6
_xINGENIERIA
_PP06
_0COMPRA
_o.STAFF. Colección General
980 _81
_gALBERTO SANCHEZ Responsable de Automatización